=LDR 00000nam 2200000 4500 =001 INLIS000000000016010 =005 20130612111303 =008 ***********************************Ind** =035 ##$$0010-061300000016010 =041 ##$$a Ind =082 ##$$a 345 =090 ##$$a 345, Pur k =100 ##$$a Purnomo, Bambang =245 ##$$a Kapita selekta hukum pidana, DR. Bambang Poernomo SH =260 ##$$a 1988 $b Yogyakarta =300 ##$$a VI-207 hlm., 21 cm =650 ##$$a Hukum pidana =850 ##$$a NBPNMAT